MUHTEŞEM YÜKSELİŞ (Record no. 722133)

MARC details
000 -LEADER
sabit uzunluktaki kontrol alanı 00245nam a2200097Ia 4500
001 - KONTROL NUMARASI
kontrol alanı 722133
005 - EN SON İŞLEMİN TARİH VE ZAMANI
kontrol alanı 20250826163306.0
008 - SABİT-UZUNLUKTA VERİ ÖĞELERİ--GENEL BİLGİ
sabit uzunluktaki kontrol alanı 250824s9999 xx 000 0 und d
245 #0 - ESER / YAZAR
ESER ADI MUHTEŞEM YÜKSELİŞ
Yazar Adı DURAN ÇETİN
260 ## - YAYIN, DAĞITIM, VB.
YAYIN EVİ KARATAY YAYINLARI
Holdings
Düşüm durumu Kayıp durumu Hasar Durumu Ödünç verilmez Ana kütüphane Geçerli Kütüphane Edinilen tarih Toplam ödünç verme sayısı Barkod Son görüntüleme tarihi Fiyatın geçerli olmaya başladığı tarih Koha materyal türü
        BORSA İSTANBUL ORTAOKULU BORSA İSTANBUL ORTAOKULU 24.08.2025   1031948 24.02.2026 26.08.2025 Books